Sąsiedzi państw - Afryka - Statystyki

Ogólne statystyki
  • Ten quiz został rozwiązany 40 razy
  • Średni wynik to 14 z 15
Statystyki odpowiedzi
Państwo Sąsiad % Poprawnych
Egipt Sudan I Libia I Izrael
100%
Czad Libia I Niger I Nigeria I Kamerun I Republika Środkowoafrykańska I Sudan
97%
Zambia Namibia I Angola I DemokratycznaRepublika Konga I Tanzania I Malawi I Mozambik I Zimbabwe I Botswana
97%
Somalia Dżibuti I Etiopia I Kenia
94%
Uganda Sudan południowy I Kenia I Tanzania I Rwanda I Demokratyczna Republika Konga
94%
Rwanda Burundi I Uganda I Demokratyczna Republika Konga I Tanzania
91%
Erytrea Etiopia I Sudan I Dżibuti
91%
Mozambik Malawi I Eswatini I Republika PołudniowejAfryki I Tanzania I Zambia I Zimbabwe
91%
Mauretania Maroko I Algieria I Mali I Senegal
91%
Togo Benin I Ghana I Burkina Faso
88%
Gwinea Gwinea Bissau I Wybrzeże Kości Słoniowej I Sierra Leone I Liberia I Mali I Senegal
88%
Gwinea Równikowa Kamerun I Gabon
88%
Burkino Faso Mali I Niger I Wybrzeże Kości Słoniowej I Togo I Benin I Ghana
88%
Namibia Zambia I Botswana I Angola I RepublikaPołudniowej Afryki
88%
Malawi Tanzania I Mozambik I Zambia
84%
Nie znaleziono quizów pasujących do podanych kryteriów
Rozkład punktacji
Procent ludzi z każdym wynikiem
Percentyl według liczby udzielonych odpowiedzi
Twoja historia wyników
Nie rozwiązałeś tego quizu